Southville International School and Colleges
Your cart is empty.
  • Cart
  • Lists
    Public lists Eva Luna New books Lux_list list_1
    Your lists Log in to create your own lists
  • Log in to your account
  • Your cookies
  • Search history
Southville International School and Colleges
  • Advanced search
  • Recent comments
  • Most popular
  • Libraries

Log in to your account

Log in with GOOGLE


If you do not have an external account, but do have a local account, you can still log in:

  1. Home
  2. MARC view: Enjoying the written word :
Normal view MARC view ISBD view

Enjoying the written word : (Record no. 103381)

[ view plain ]
MARC details
000 -LEADER
fixed length control field 00817nam a2200193 a 4500
005 - DATE AND TIME OF LATEST TRANSACTION
control field 20140412111301.0
008 - FIXED-LENGTH DATA ELEMENTS--GENERAL INFORMATION
fixed length control field 030414s19uu xx 00 eng d
020 ## - INTERNATIONAL STANDARD BOOK NUMBER
International Standard Book Number 0-8224-2703-6
050 ## - LIBRARY OF CONGRESS CALL NUMBER
Classification number TR(GS 411
Item number T44 1987
100 ## - MAIN ENTRY--PERSONAL NAME
Personal name Tiedt, Iris M.
245 ## - TITLE STATEMENT
Title Enjoying the written word :
Remainder of title lessons from the South Bay Writing Project, Grades 4-6 /
Statement of responsibility, etc by Iris M. Tiedt and Mary Young Williams.
260 ## - PUBLICATION, DISTRIBUTION, ETC. (IMPRINT)
Place of publication, distribution, etc Belmont, California :
Name of publisher, distributor, etc David S. Lake Publishers,
Date of publication, distribution, etc 1987.
300 ## - PHYSICAL DESCRIPTION
Extent 92 p. ; ill.
440 ## - SERIES STATEMENT/ADDED ENTRY--TITLE
Title Fearon Teacher Aids
520 ## - SUMMARY, ETC.
Summary, etc Thirty-two SAFE Lesson Plans, plus reproducible worksheets, provide opportunities for creative expression with such activities as Musical Storywritingm, Why Stories, and Telling True Stories.
650 ## - SUBJECT ADDED ENTRY--TOPICAL TERM
Topical term or geographic name as entry element Lesson Plans
650 ## - SUBJECT ADDED ENTRY--TOPICAL TERM
Topical term or geographic name as entry element Reproducible Materials
Holdings
Withdrawn status Lost status Damaged status Home library Current library Shelving location Date acquired Source of acquisition Total Checkouts Full call number Barcode Date last seen Price effective from Koha item type
      Elizalde Library Elizalde Library Teachers Reference Section 04/14/2003     TR(GS 411 T44 1987 E4636 04/12/2014 04/12/2014 Books

Enjoying the written word :

APA

Tiedt I. M., . (1987). Enjoying the written word. Belmont, California: David S. Lake Publishers.

Chicago

Tiedt Iris M, . 1987. Enjoying the written word. Belmont, California: David S. Lake Publishers.

Harvard

Tiedt I. M., . (1987). Enjoying the written word. Belmont, California: David S. Lake Publishers.

MLA

Tiedt Iris M, . Enjoying the written word. Belmont, California: David S. Lake Publishers. 1987.

  • Place hold
  • Print
  • Cite
  • Add to your cart (remove)
  • Save record
    BIBTEX Dublin Core MARCXML MARC (non-Unicode/MARC-8) MARC (Unicode/UTF-8) MARC (Unicode/UTF-8, Standard) MODS (XML) RIS
  • More searches
    Search for this title in:
    Other Libraries (WorldCat) Other Databases (Google Scholar) Online Stores (Bookfinder.com) Open Library (openlibrary.org)

Exporting to Dublin Core...

SOUTHVILLE LIBRARY

Southville International School and Colleges Library

1281 Tropical Ave. Cor. Luxembourg St., BF Homes International, Las Pinas City

Tel. No. 8256374 / 252358 Loc. 117/146

Powered by Koha